Anuari de la Informació de Catalunya : (4a. etapa) : 1992 / direcció: Joan Brunet i Mauri; (4a. etapa) :
ISBN:
84-398-3895-6
Descripción Física:
LXI, 292 p. ; 21 cm
Otros Autores:
Brunet i Mauri, Joan, 1948-
MARC
| LEADER | 00000nam a2200000Ia 4500 | ||
|---|---|---|---|
| 001 | 16991 | ||
| 003 | BGR | ||
| 005 | 20260324175650.0 | ||
| 008 | 160829s1992 xx 000 0 cat d | ||
| 020 | |a 84-398-3895-6 | ||
| 080 | |a C-2-380 | ||
| 245 | |a Anuari de la Informació de Catalunya : |b (4a. etapa) : |b 1992 / direcció: |b Joan Brunet i Mauri; | ||
| 260 | |a Barcelona : |b Fundació Centre Internacional de Premsa de Barcelona, |c 1992 | ||
| 300 | |a LXI, 292 p. ; |c 21 cm | ||
| 650 | |a Comunicació |x Catalunya |x Directoris |9 37152 | ||
| 650 | |a Mitjans de comunicació de massa |x Catalunya |x Directoris |9 37153 | ||
| 700 | 1 | |a Brunet i Mauri, Joan, |d 1948- |e direcció |9 55901 | |
| 710 | 2 | |a Fundació Centre Internacional de Premsa de Barcelona |9 70971 | |
| 901 | |a Arxiu | ||
| 942 | |n 1 |2 udc |c MON | ||
| 952 | |0 0 |1 0 |4 0 |6 C2380 |7 1 |9 47718 |a Arxiu |b Arxiu |d 2016-12-01 |l 0 |o C-2-380 |p 16991 |r 2016-12-01 00:00:00 |w 2016-12-01 |y ARXIU | ||
| 999 | |c 51517 |d 51517 | ||